Les premiers logo des clubs de foot français #2 - Statistiques

Statistiques générales
  • Ce quiz a été pris 1 017 fois
  • Le résultat moyen est 6 sur 20
Statistiques - réponses
Par images Réponse % Correct
AJ Auxerre
96%
AS Monaco FC
88%
SCO Angers
88%
SC Bastia
87%
Nîmes Olympique
68%
Red Star FC
67%
Stade de Reims
47%
SC Toulon
17%
Stade Brestois 29
16%
FC Martigues
15%
Paris FC
13%
EA Guingamps
10%
AS Cannes
8%
Clermont Foot 63
7%
ESTAC Troyes
5%
FC Gueugnon
3%
La Berrichonne de Châteauroux
2%
Montpellier HSC
2%
RC Strasbourg
2%
FC Metz
1%
Aucun quiz correspondant
Distribution des résultats
% des personnes avec chaque résultat
Percentile par nombre de réponses
Votre historique - résultats
Vous n’avez pas pris ce quiz